DreamWorks Movies Best to Worst - Statistics

General Stats
  • This quiz has been taken 86 times
  • The average score is 14 of 34
Answer Stats
# Movie Year % Correct
1 How to Train Your Dragon 2010
91%
2 How to Train Your Dragon 2 2014
68%
5 Shrek 2001
68%
6 Kung Fu Panda 2008
55%
9 Shrek 2 2004
52%
10 Antz 1998
48%
8 Kung Fu Panda 3 2016
48%
4 Chicken Run 2000
47%
15 The Prince of Egypt 1998
45%
16 Kung Fu Panda 2 2011
42%
7 Puss in Boots 2011
42%
3 Wallace & Gromit: The Curse of the Were-Rabbit 2005
42%
34 Bee Movie 2007
41%
18 Madagascar 2005
41%
17 Shrek the Third 2007
41%
32 Madagascar 3: Europe's Most Wanted 2012
39%
21 Megamind 2010
39%
12 Spirit: Stallion of the Cimarron 2002
39%
11 Flushed Away 2006
36%
22 Home 2015
36%
30 Madagascar: Escape 2 Africa 2008
36%
20 Over the Hedge 2006
36%
33 Shrek Forever After 2010
36%
25 The Road to El Dorado 2000
36%
14 Monsters vs. Aliens 2009
35%
26 Sinbad: Legend of the Seven Seas 2003
35%
27 Shark Tale 2004
33%
29 The Boss Baby 2017
33%
23 The Croods 2013
33%
24 Trolls 2016
33%
13 Rise of the Guardians 2012
32%
28 Mr. Peabody and Sherman 2014
30%
19 Turbo 2013
30%
31 Penguins of Madagascar 2014
29%
No matching quizzes found
Score Distribution
Percent of People with Each Score
Percentile by Number Answered
Your Score History
You have not taken this quiz